Library of the University of Algiers 3
Ibrahim Sultan Cheibout
شعار جامعة الجزائر 3
مكتبة جامعة الجزائر 3
إبراهيم سلطان شيبوط

الصراع التنظيمي و ادارة المنظمة / (رقم التسجيلة. 43697)

تفاصيل مارك
000 -LEADER
fixed length control field 01522nam a2200241Ia 4500
003 - CONTROL NUMBER IDENTIFIER
control field Ost
005 - DATE AND TIME OF LATEST TRANSACTION
control field 20260507075251.0
008 - FIXED-LENGTH DATA ELEMENTS--GENERAL INFORMATION
fixed length control field 260507s9999||||xx |||||||||||||| ||und||
020 ## - INTERNATIONAL STANDARD BOOK NUMBER
International Standard Book Number 7989957123642
040 ## - CATALOGING SOURCE
Transcribing agency fsecg
041 ## - LANGUAGE CODE
Language code of text/sound track or separate title ara
082 ## - DEWEY DECIMAL CLASSIFICATION NUMBER
Classification number 330
100 ## - MAIN ENTRY--PERSONAL NAME
Personal name شلابي، زهير بوجمعة
Relator term مؤلف
245 #0 - TITLE STATEMENT
Title الصراع التنظيمي و ادارة المنظمة /
Statement of responsibility, etc. زهير بوجمعة شلابي
260 ## - PUBLICATION, DISTRIBUTION, ETC.
Place of publication, distribution, etc. عمان:
Name of publisher, distributor, etc. دار اليازوري,
Date of publication, distribution, etc. 2011
300 ## - PHYSICAL DESCRIPTION
Extent 160 صفحة؛
Other physical details إيضاحات ؛
Dimensions 24 سم
504 ## - BIBLIOGRAPHY, ETC. NOTE
Bibliography, etc. note مراجع ص.147 ؛ قائمة الهوامش ص.141
520 ## - SUMMARY, ETC.
Summary, etc. تعريف المنظمة و الخصائص العامةلها ، أنواع المنظمات أنماطها ، سماتها و مكوناتها و ظائفها و العلاقة بين علم المنظمة و العلوم الاخرى ، ماهية الادارة و تعريفها مكوناتها أهميتها ووظائها ، تفاعل العملية الادارية و تطور البحوث الادارية ، أنواع الادارة ، مفهوم الصراع التنظيمي خصائصه مستوياته أنواعه و نماذجه ، تطور نظرية الصراع التنظيمي أسبابه و مراحله ، آثاره و المنهج الاسلامي في ادارة الصراع ، أساليب التعامل مع الصراع التنظيمي .
653 ## - INDEX TERM--UNCONTROLLED
Uncontrolled term الإدارة
653 ## - INDEX TERM--UNCONTROLLED
Uncontrolled term التنظيم
653 ## - INDEX TERM--UNCONTROLLED
Uncontrolled term المنظمات
942 ## - ADDED ENTRY ELEMENTS (KOHA)
Koha item type كتب
المقتنيات
Withdrawn status Lost status Source of classification or shelving scheme Damaged status Not for loan Home library Current library Date acquired Serial enumeration / chronology Inventory number Total checkouts Full call number Barcode Date last seen Price effective from Koha item type
    Dewey Decimal Classification   NOT LOAN / إعارة داخلية مكتبة كلية العلوم الإقتصادية والعلوم التجارية وعلوم التسيير مكتبة كلية العلوم الإقتصادية والعلوم التجارية وعلوم التسيير 07/05/2026 الطابق الأرضي 18017   أ/3720ن1 18017 07/05/2026 07/05/2026 كتب
    Dewey Decimal Classification   Available مكتبة كلية العلوم الإقتصادية والعلوم التجارية وعلوم التسيير مكتبة كلية العلوم الإقتصادية والعلوم التجارية وعلوم التسيير 07/05/2026 الطابق الأرضي 18018   أ/3720ن2 18018 07/05/2026 07/05/2026 كتب
    Dewey Decimal Classification   Available مكتبة كلية العلوم الإقتصادية والعلوم التجارية وعلوم التسيير مكتبة كلية العلوم الإقتصادية والعلوم التجارية وعلوم التسيير 07/05/2026 الطابق الثاني 18020   أ/3720ن4 18020 07/05/2026 07/05/2026 كتب
    Dewey Decimal Classification   Available مكتبة كلية العلوم الإقتصادية والعلوم التجارية وعلوم التسيير مكتبة كلية العلوم الإقتصادية والعلوم التجارية وعلوم التسيير 07/05/2026 مكتبة بن عكنون 18021   أ/3720ن5 18021 07/05/2026 07/05/2026 كتب

موارد الويب المفتوحة


© University of Algiers 3 All Rights Reserved
|
Implemented by LECHELAH Riad